Blancanieves una cena especial
Guardat en:
| Format: | Llibre |
|---|---|
| Idioma: | espanyol |
| Publicat: |
Santiago
Origo
2017
|
| Edició: | 1a. ed |
| Col·lecció: | Viva Leer
|
| Matèries: | |
| Etiquetes: |
Afegir etiqueta
Sense etiquetes, Sigues el primer a etiquetar aquest registre!
|
MARC
| LEADER | 00000cam a2200000 a 4500 | ||
|---|---|---|---|
| 001 | UCC2245 | ||
| 003 | CL-VaPUC | ||
| 008 | 180114e20170000cl |||||||||||||||||spa|d | ||
| 020 | |a 9789563162066 | ||
| 082 | 0 | 4 | |a 808.068 |b BLA |2 21 |
| 245 | 1 | 0 | |a Blancanieves una cena especial |
| 250 | |a 1a. ed | ||
| 300 | |a pág. irreg | ||
| 942 | |c BK | ||
| 945 | |d 20180114 20:51:00 |a arojas | ||
| 260 | |a Santiago |b Origo |c 2017 | ||
| 650 | 0 | |a Cuentos infantiles |9 308044 | |
| 650 | 0 | |a Literatura infantil |9 307465 | |
| 583 | |a last modification |c 20180114 20:51:00 |k Rodrigo Vera | ||
| 490 | 0 | |a Viva Leer | |
| 999 | |c 370479 |d 370477 | ||
| 952 | |0 0 |1 0 |3 erd |4 0 |6 808_068000000000000_BLA_2017 |7 0 |8 C |9 486982 |a BIBCUR |b BIBCUR |i 5446945 |l 5 |o 808.068 BLA 2017 |p 5446945 |r 2025-04-22 |s 2024-10-17 |w 2019-11-24 |y BK |z Catalogado en:20180114 |k INF | ||